LIBRARY & INFORMATION CENTRE, KCAET, TAVANUR

ONLINE PUBLIC ACCESS CATALOGUE (OPAC)

Practical chemistry / (Record no. 9561)

MARC details
000 -LEADER
fixed length control field 00411cam a2200169ua 4500
041 ## - LANGUAGE CODE
Language code of text/sound track or separate title eng
082 ## - DEWEY DECIMAL CLASSIFICATION NUMBER
Classification number 542
Item number BRU/PR
100 ## - MAIN ENTRY--AUTHOR NAME
Personal name Bruce, James .
245 ## - TITLE STATEMENT
Title Practical chemistry /
250 ## - EDITION STATEMENT
Edition statement 5 /
260 ## - PUBLICATION, DISTRIBUTION, ETC. (IMPRINT)
Place of publication New York :
Name of publisher McMillan Publishing Co ,
Year of publication 1962.
300 ## - PHYSICAL DESCRIPTION
Number of Pages 509 ; .
700 1# - ADDED ENTRY--PERSONAL NAME
Personal name Harper, Harry.
942 ## - ADDED ENTRY ELEMENTS (KOHA)
Koha item type Books
Holdings
Withdrawn status Lost status Damaged status Home library Current library Date acquired Full call number Accession Number Koha item type
      KAUAET KAUAET 07/04/2012 542 BRU/PR 12596 Books
free website counter